000 00390nam a2200181Ia 4500
008 100917s9999 xx 000 0 und d
082 _b52887
100 _a---
245 _aभाऊ
260 _b---
_c---
300 _a---
365 _b8
520 _aकादंबरी
630 _aभाऊ
650 _aकादंबरी
730 _aभाऊ
942 _cBOOK
999 _c658281
_d658278